| 000 | 00524nam a2200181Ia 4500 | ||
|---|---|---|---|
| 999 |
_c34774 _d34774 |
||
| 003 | OSt | ||
| 005 | 20200201115204.0 | ||
| 008 | 190216s9999||||xx |||||||||||||| ||und|| | ||
| 020 | _a195600223 | ||
| 040 | _coclc | ||
| 082 |
_a320.0954 _bAPP/I |
||
| 100 |
_aAppadorai, A _91753 |
||
| 245 | 0 |
_aIndian Political Thinking / _cA Appadorai |
|
| 260 |
_bOxford University Press, _c1971. _aNew Delhi: |
||
| 300 | _a189p | ||
| 650 | _aPolitical Science | ||
| 942 |
_cBK _2ddc _h320.0954 _iAPP/I _k320.0954 _mAPP/I |
||